Társadalmi csoportoktól való távolságtartás

Elmentve itt :
Bibliográfiai részletek
Szerző: Kreuter Klaudia
További közreműködők: Katona Péter (Témavezető)
Dokumentumtípus: Szakdolgozat
Megjelent: 2013
Tárgyszavak:
Online Access:http://diploma.bibl.u-szeged.hu/51474
LEADER 00643nta a2200169 i 4500
001 dipl51474
005 20150626120751.0
008 150626s2013 hu om 0|| zxx d
040 |a SZTE Diploma Repozitórium  |b hun 
041 |a zxx 
100 1 |a Kreuter Klaudia 
245 1 0 |a Társadalmi csoportoktól való távolságtartás  |h [elektronikus dokumentum] /  |c Klaudia Kreuter 
246 1 0 |a Distancing from the social groups  |h [elektronikus dokumentum] 
260 |c 2013 
650 4 |a Bölcsészettudományok 
700 1 |a Katona Péter  |e ths 
856 4 0 |u http://diploma.bibl.u-szeged.hu/id/eprint/51474/1/2014_Kreuter_Klaudia_KRKRAAB_SZE_SZ.pdf  |z Dokumentum-elérés